000 05464nam a2200253 4500
001 114249
003 DR-UNIBE
005 20251202135115.0
008 251201b2025 dr ||||| |||| 00| 0 spa d
020 _a9789945224733
040 _aBIBLIOTECA UNIBE
_cBIBLIOTECA UNIBE
_erda
041 _aspa
082 _aRD 320.53 R789i
100 _aRosario Adames, Fausto
_eautor
_9201117
245 1 3 _aLa izquierda vista por sí misma /
_cFausto Rosario Adames
260 _aSanto Domingo :
_bEditora Búho :
_bUniversidad Iberoamericana (UNIBE),
_c2025
505 _aLos socialistas dominicanos | El PRD nació y simpatizó con la izquierda | El PLD nació como una opción de izquierda | Al llegar al poder, el PRD, se inclinó hacia la derecha | Muerte del foquismo y debate sobre la izquierda | El PCD y la renuncia de José Israel Cuello | “Ningún partido sirve para promover un cambio trascendente en la República Dominicana” | Nadie como Minerva | La representatividad anómala | Pero necesita votos | Un discurso irreal | Culto a la personalidad en la izquierda | Un breve repaso histórico a la izquierda | La división de la izquierda | 1J4 y su rol en la división de la izquierda | Fraccionamientos en el MPD | Divisiones en el 14 de Junio y en la Línea Roja | Otros desprendimientos | CORECATO y Socialistas modernos | Los teóricos del marxismo en el país | Luis Gómez Pérez y su polémica sobre la falsa izquierda | Maximiliano Gómez como teórico marxista | Fernando Peña y José Collado | Orlando Martínez: Sus reflexiones ideológicas | Sobre el Pacoredo, Fidelio Despradel y Amaury Germán Aristy | Estudios sobre contrainteligencia | Organizaciones de masas y ONG's, y algunas infiltraciones | Las mujeres de los revolucionarios dominicanos | La vida sexual de los dirigentes de izquierda | Los hijos de los izquierdistas dominicanos | Contexto internacional y local y la estrategia de la izquierda | El financiamiento de las actividades de la izquierda | Recaudación de fondos a través de la solidaridad urbana | Figuras que pertenecieron orgánicamente a la izquierda | Entrevistas con dirigentes de izquierda | Secuestro de Donald J. Crowley | Los errores de la izquierda a nivel global | Aportes de la izquierda al proceso político y democrático en República Dominicana | ENTREVISTANDO A LOS PERSONAJES DE LA IZQUIERDA | Cayetano Rodríguez del Prado | Fafa Taveras | Narciso Isa Conde | Rafael Chaljub Mejía | La izquierda vista por sí misma Antonio Isa Conde | Arismendi Díaz Santana | Roberto Cassá | Héctor Díaz Polanco | Benito Fernández | Frank Lendor | Mirna Santos | Iván Rodríguez | Elsa Peña | Winston Vargas | Yván Rodríguez | César Pérez | Sagrada Bujosa | Cucullo Báez | Juan Robles | Orlando Sánchez Díaz | Manuel Matos Moquete | Freddy González | José del Castillo |
520 3 _aComo bien dice Umberto Eco, los libros son libros de otros libros, este constituye una valiosa fuente de inspiración para otros libros sobre el papel que ha jugado la izquierda de nuestro país en el proceso político, según la mirada que de sí misma, con suma habilidad e inteligencia, Fausto Rosario Adames le permitió hacer a diversos actores de participantes de esa corriente política en un serial de entrevistas televisivas y personales que dan testimonios, informaciones e interpretaciones de los hechos, jalonando la historia política del país de las últimas seis décadas, ellos dieron un aporte de este texto una fuente nutricia difícil de obtener para trabajos que investigue como este. Le imprime un valor particular, mayor nivel de credibilidad y objetividad que puede encontrarse en un trabajo limitado a las fuentes escritas. Las entrevistas a actores claves para obtener conocimiento de un tema, constituye una de las mejores herramientas de investigación, pero hay que saber estructurarlas y manejarlas para obtener del sujeto entrevistado, no sólo la mayor cantidad posible de información sino de calidad/fidelidad. Esto en el uso de esta técnica, el sobre todo con la habilidad del entrevistador. Ejercicio, que otros profesionales y de los periodistas, pienso, este mejor intelectualmente, él de los periodistas de estos programas, y de los mejores en la técnica de conducción de importancia. Por eso nos brinda un texto de primera A parte de eso, no sólo es sólido conocedor del tema de la izquierda dominicana, sino que también nos dice que: "siendo joven a la dictadura de Trujillo, me tocó: cuando la efervescencia revolucionaria, en mi infancia y sus agitaciones en abril, me llevó a organizarme en mi persona lo que califica de en un partido o en el eso de la izquierda". Es este hecho, otras entrevistas para acometer el difícil tema de la izquierda y de la política. Indico porque a lo largo del serial de entrevistas sale de la lucha el movimiento del contexto en que un entramado me lleva política en un ambiente de pluralidad, de la poca experiencia de clases y grupos sociales de muy frágil tradición democrática.
650 7 _2lemb
_aComunismo
_vEntrevista
_9201182
650 7 _2lemb
_a Derechas e izquierdas (Política)
_vEntrevista
_9201183
650 7 _2lemb
_a Socialismo
_vEntrevista
_9201184
700 _aPérez, César
_955876
_eprologuista
942 _2ddc
_cBK
999 _c114249
_d114249